STARS AND GALAXIES (Record no. 8565)

MARC details
000 -LEADER
fixed length control field 00525nam a22001937a 4500
003 - CONTROL NUMBER IDENTIFIER
control field OSt
005 - DATE AND TIME OF LATEST TRANSACTION
control field 20240617152851.0
008 - FIXED-LENGTH DATA ELEMENTS--GENERAL INFORMATION
fixed length control field 240617b |||||||| |||| 00| 0 eng d
020 ## - INTERNATIONAL STANDARD BOOK NUMBER
International Standard Book Number 97807167956112
040 ## - CATALOGING SOURCE
Transcribing agency MUST
082 ## - DEWEY DECIMAL CLASSIFICATION NUMBER
Classification number 523.1 FREE 2000
100 ## - MAIN ENTRY--PERSONAL NAME
Personal name Freedman Roger A
9 (RLIN) 5660
245 ## - TITLE STATEMENT
Title STARS AND GALAXIES
Remainder of title UNIVERSE
Statement of responsibility, etc. Roger A Freedman
300 ## - PHYSICAL DESCRIPTION
Extent xxix,762p
Other physical details col. ill
Dimensions 27.5cm
504 ## - BIBLIOGRAPHY, ETC. NOTE
Bibliography, etc Appendices, glossary indexes
600 ## - SUBJECT ADDED ENTRY--PERSONAL NAME
Source of heading or term physics
700 ## - ADDED ENTRY--PERSONAL NAME
Personal name Kaufmann III William J
9 (RLIN) 17375
942 ## - ADDED ENTRY ELEMENTS (KOHA)
Source of classification or shelving scheme Dewey Decimal Classification
Koha item type Open Shelf
Holdings
Withdrawn status Lost status Source of classification or shelving scheme Damaged status Not for loan Home library Current library Date acquired Source of acquisition Inventory number Total Checkouts Full call number Date last seen Price effective from Koha item type
    Dewey Decimal Classification     MUST Main Library MUST Main Library 17/06/2024 purchase 12/36347   523.1 FREE 2000 17/06/2024 17/06/2024 Open Shelf
    Other/Generic Classification Scheme     MUST Main Library MUST Main Library 17/06/2024       523.1 FREE 2000 17/06/2024 17/06/2024 Open Shelf